000 00721nam a2200241 4500
003 OSt
005 20260530115313.0
008 260501t1992 xxua|||| |||| 00| 0 eng d
040 _aICI
_bspa
_cICI
041 _aeng
050 4 _aNC1002.L63
_bR68
100 1 _aRouard-Snowman, Margo,
_eautor
_933086
245 1 0 _aMuseum graphics /
_cMargo Rouard-Snowman
264 1 _aNew York, New York :
_bThames and Hudson,
_c1992
300 _a192 páginas ;
_bilustraciones
336 _atexto
_2rdacontent
337 _asin medio
_2rdamedia
338 _avolumen
_2rdacarrier
650 1 4 _aLogografía
_933087
650 1 4 _aRelaciones publicas
_xMuseos de arte
_933088
650 1 4 _aComunicación visual
942 _2lcc
_cBK
_n1
999 _c13441
_d13441